2023 Collingwood Magpies AFL Team Quiz - Statistics

General Stats
  • This quiz has been taken 465 times
    232 since last reset
  • The average score is 27 of 55
Answer Stats
No. Answer % Correct
7 Josh Daicos
93%
35 Nick Daicos
91%
2 Jordan De Goey
90%
4 Brayden Maynard
88%
5 Jamie Elliot
87%
10 Scott Pendlebury
87%
30 Darcy Moore
84%
46 Mason Cox
84%
1 Patrick Lipinski
83%
22 Steele Sidebottom
83%
23 Bobby Hill
82%
3 Isaac Quaynor
81%
Head Coach Craig McRae
76%
14 Darcy Cameron
75%
9 John Noble
73%
33 Jack Ginnivan
72%
6 Tom Mitchell
72%
25 Jack Crisp
66%
38 Jeremy Howe
66%
32 Will Hoskin-Elliot
64%
11 Dan McStay
61%
28 Nathan Murphy
59%
17 Billy Frampton
58%
13 Taylor Adams
57%
41 Brody Mihocek
55%
37 Oleg Markov
53%
18 Finlay McRae
52%
40 Ash Johnson
50%
8 Trent Bianco
50%
31 Beau McCreery
48%
36 Harvey Harrison
39%
Head of Strategy Justin Leppitsch
36%
45 Josh Carmichael
34%
Director of Coaching Brendon Bolton
32%
43 Charlie Dean
32%
26 Reef McInnes
32%
29 Joe Richards
31%
15 Nathan Krueger
31%
20 Will Kelly
29%
24 Jakob Ryan
28%
44 Oscar Steene
27%
Assistant Coach - Midfield Scott Selwood
26%
21 Trey Ruscoe
26%
39 Aiden Begg
25%
16 Edward Allan
25%
12 Tom Wilson
24%
19 Arlo Draper
18%
27 Cooper Murley
18%
Head of Development/VFL Josh Fraser
17%
Opposition and Development Coach Jordan Roughead
16%
Line Coach Hayden Skipworth
11%
Development Coach - Forwards Neville Jetta
11%
Defensive Development Coach Andy Otten
6%
Head of NGA and Peter Daicos Academy Harmit Singh
6%
Development Coach Chloe Macmillan
4%
No matching quizzes found
Score Distribution
Percent of People with Each Score
Percentile by Number Answered
Your Score History
You have not taken this quiz since the last reset